| 000 -CABECERA |
| fixed length control field |
01538nam a22002417i 4500 |
| 003 - IDENTIFICADOR DEL NÚMERO DE CONTROL |
| control field |
AR-CdUCM |
| 008 - DATOS DE LONGITUD FIJA--INFORMACIÓN GENERAL |
| fixed length control field |
240509b20192019 pe||||| |||| 00| 0 spa d |
| 040 ## - FUENTE DE LA CATALOGACIÓN |
| Agencia/entidad que catalogó originalmente la obra |
MUNICIPALIDAD PROVINCIAL DEL CUSCO |
| Entidad que transcribió la catalogación |
BIBLIOTECA MUNICIPAL DEL CUSCO |
| 082 ## - NÚMERO DE LA CLASIFICACIÓN DECIMAL DEWEY |
| No. de Clasificación |
394.61 / G22T |
| Notacion interna |
G22T |
| 100 ## - ENTRADA PRINCIPAL--NOMBRE DE PERSONA |
| Nombre Personal |
García Q, Esteban. |
| 245 ## - MENCIÓN DE TÍTULO |
| Título |
Tradiciones, costumbres, leyendas, cuentos, plegarias del Perú profundo / |
| 260 ## - PUBLICACIÓN, DISTRIBUCIÓN, ETC. |
| Lugar de publicación, distribución, etc. |
Oropesa : |
| Fecha de publicación, distribución, etc. |
2019 |
| 300 ## - DESCRIPCIÓN FÍSICA |
| Nº de Páginas Extensión |
225 páginas. : |
| Dimensiones |
27 cm. |
| 500 ## - NOTA GENERAL |
| Bibliografía |
Bibliografía: página 229 - 230 |
| 505 ## - NOTA DE CONTENIDO CON FORMATO |
| Nota de contenido formateada |
El Corpus Christi en el Cusco -- La tradición sobre el sábado baratillo -- La celebración de compadres y comadres en la Villa de Oropesa -- El Cristo Andino Taytacha Señor de Qoyllorit'ti -- El marquesado de oropesa -- La santísima Virgen Asunta de Oropesa -- La cruz del señor de Aqorean de Oropesa -- La primera siembra de trigo traído de España en Oropesa -- El primer T'anta Raymi en Oropesa -- La festividad de San Francisco de Asís patrón de los panaderos de Oropesa -- Los montoneros oropesinos -- Mito del Virrey Francisco de Toledo sobre la fundación de Oropesa -- Wakcha Pukuysitu -- Oropesa: mi pueblo querido -- Saludo a la Virgen Estrella de Oropesa |
| 650 ## - PUNTO DE ACCESO ADICIONAL DE MATERIA--TÉRMINO DE MATERIA |
| Descriptor |
Tradiciones y costumbres |
| 9 (RLIN) |
6538 |
| 650 ## - PUNTO DE ACCESO ADICIONAL DE MATERIA--TÉRMINO DE MATERIA |
| Descriptor |
Leyendas y cuentos |
| 9 (RLIN) |
49770 |
| 650 ## - PUNTO DE ACCESO ADICIONAL DE MATERIA--TÉRMINO DE MATERIA |
| Descriptor |
Poemas y plegarias |
| 9 (RLIN) |
49771 |
| 650 ## - PUNTO DE ACCESO ADICIONAL DE MATERIA--TÉRMINO DE MATERIA |
| Descriptor |
Reflexiones y plegaria al Señor de los Temblores |
| 9 (RLIN) |
49772 |
| 650 ## - PUNTO DE ACCESO ADICIONAL DE MATERIA--TÉRMINO DE MATERIA |
| Descriptor |
Remembranzas del proceso de elaboración del pan Oropesa |
| 9 (RLIN) |
49773 |
| 942 ## - ELEMENTOS DE PUNTO DE ACCESO ADICIONAL (KOHA) |
| Fuente de clasificación |
|
| Tipo de item |
Libros-BMC |
| 945 ## - PROCESAMIENTO DE INFORMACIÓN LOCAL (OCLC) |
| Catalogador |
pbj |
| AAAA-MM-DD - Fecha de ingreso o modificacion |
2024-05-09 |